Služby ako motor ekonomického rastu
Vývoj ekonomiky Slovenska počas transformačného obdobia dával impulzy pre rozvoj služieb natoľko, že sa stali jej prevažujúcou zložkou. V medzinárodnej konkurencii sa však Slovensko doteraz výraznejšie nepresadilo. Potvrdzujú to výsledky zahraničnoobchodnej bilancie služieb. Pre slovenské subjekty p...
Salvato in:
| Autore principale: | |
|---|---|
| Natura: | Capitolo di libro |
| Lingua: | slovacco |
| Soggetti: | |
| Tags: |
Nessun Tag, puoi essere il primo ad aggiungerne!!
|
MARC
| LEADER | 00000naa$a2200000$$$4500 | ||
|---|---|---|---|
| 001 | 0049238 | ||
| 005 | 20240502071552.7 | ||
| 041 | 0 | |a slo | |
| 044 | |a SK | ||
| 245 | 1 | 0 | |a Služby ako motor ekonomického rastu |c Valéria Michalová |
| 520 | |a Vývoj ekonomiky Slovenska počas transformačného obdobia dával impulzy pre rozvoj služieb natoľko, že sa stali jej prevažujúcou zložkou. V medzinárodnej konkurencii sa však Slovensko doteraz výraznejšie nepresadilo. Potvrdzujú to výsledky zahraničnoobchodnej bilancie služieb. Pre slovenské subjekty pôsobiace na trhu služieb je preto výzvou, využiť proces internacionalizácie, ale tiež integrácie a globalizácie vo svoj prospech, prispôsobiť sa vývojovým trendom a uplatniť službové produkty vo väčšej miere na európskom a svetovom trhu. Služby v ekonomike Slovenska. | ||
| 610 | 2 | 0 | |a služby |
| 610 | 2 | 0 | |a Slovensko |
| 610 | 2 | 0 | |a globalizácia |
| 610 | 2 | 0 | |a internacionalizácia |
| 610 | 2 | 0 | |a reštrukturalizácia |
| 100 | 1 | |a Michalová, Valéria | |